00462nam a2200169Ia 4500003000900000008004100009040001300050040001300063041000800076245010500084250000900189260003000198260000900228300000800237490000600245710004100251IT-RoPAU120407s9999 xx 000 0 und d aIT-RoPAU cIT-RoPAU aita aAlbae Pompeiensis. Can. Servi Dei Francisci Chiesa Canonici Ecclesiae Cathedralis Albae Pompeiensis. aRoma aPositio: Super Virtutibus c1983 c cm v1 aCongregazione per le cause dei Santi